00787nam a2200157 i 4500001000700000003000900007005001700016008004100033100002000074245029000094260005200384300006600436650001900502710005700521852005100578167616ES-MaACL20230906213548.0960320s1871 sp af |||| | spa d1 aVille, Georges.14aLos abonos químicos : bconferencias agrícolas dadas en el campo de experiencias de Vincennes en la temporada de 1867 / cpor Jorge Ville ; traducidas de la tercera edición, para ser leídas en la Sociedad Económica Leonesa de Amigos del País por Don Pedro Fernández Soba. aLeón : b[s.n.], c1871 (fImp. de Miñón) aXXXI, 254 p., [1] h. de lám. grab. pleg. : bil. ; c19 cm. 4aFertilizantes.2 aSociedad Económica de Amigos del País de León. aES-MaACLjC-12120 z- Enc. pasta española